|
|
|
|
| LEADER |
01883cas a2200253 a 4500 |
| 001 |
AALejournalIMF005205 |
| 008 |
230101c9999 xx r poo 0 0eng d |
| 020 |
|
|
|c 5.00 USD
|
| 020 |
|
|
|z 9781451870480
|
| 022 |
|
|
|a 1018-5941
|
| 040 |
|
|
|a BD-DhAAL
|c BD-DhAAL
|
| 100 |
1 |
|
|a Cihak, Martin.
|
| 245 |
1 |
0 |
|a Quality of Financial Sector Regulation and Supervision Around the World /
|c Martin Cihak, Alexander Tieman.
|
| 264 |
|
1 |
|a Washington, D.C. :
|b International Monetary Fund,
|c 2008.
|
| 300 |
|
|
|a 1 online resource (45 pages)
|
| 490 |
1 |
|
|a IMF Working Papers
|
| 500 |
|
|
|a <strong>Off-Campus Access:</strong> No User ID or Password Required
|
| 500 |
|
|
|a <strong>On-Campus Access:</strong> No User ID or Password Required
|
| 506 |
|
|
|a Electronic access restricted to authorized BRAC University faculty, staff and students
|
| 520 |
3 |
|
|a The paper analyzes the quality of financial sector regulation and supervision around the globe. Unlike studies that collect and analyze data on regulation and supervision "on the books," this study also analyzes available information on supervisory implementation, making use of data from IMF-World Bank assessments of compliance with international standards and codes. Incorporating supervisory implementation into the study provides an improved means of assessing countries' regulatory systems. We find that countries' regulatory frameworks score on average one notch below full compliance with the standards (on a 4-notch scale). There are substantial differences in the quality of regulatory and supervisory frameworks across countries, with the income level being a major factor.
|
| 538 |
|
|
|a Mode of access: Internet
|
| 700 |
1 |
|
|a Tieman, Alexander.
|
| 830 |
|
0 |
|a IMF Working Papers; Working Paper ;
|v No. 2008/190
|
| 856 |
4 |
0 |
|z Full text available on IMF
|u http://elibrary.imf.org/view/journals/001/2008/190/001.2008.issue-190-en.xml
|z IMF e-Library
|